000
00205nam a22000857a 4500
008
161122b xxu||||| |||| 00| 0 eng d
100
_9
1336
_a
Kidz
245
_a
Animal Stories
260
_a
New Delhi
_b
Om Kidz
_c
2012
999
_c
4047
_d
4047